The Incidence and effects of alcoholism to students in selected high schools in the cities of Las Piñas and Parañaque, school year 1997-1998 / (Record no. 96202)
[ view plain ]
| 000 -LEADER | |
|---|---|
| fixed length control field | 00877nam a2200205 a 4500 |
| 003 - CONTROL NUMBER IDENTIFIER | |
| control field | 0 |
| 005 - DATE AND TIME OF LATEST TRANSACTION | |
| control field | 20250625112453.0 |
| 008 - FIXED-LENGTH DATA ELEMENTS--GENERAL INFORMATION | |
| fixed length control field | 021115s19uu xx 00 eng d |
| 050 ## - LIBRARY OF CONGRESS CALL NUMBER | |
| Classification number | PHS HV 5132 |
| Item number | .Al45 1998 |
| 100 ## - MAIN ENTRY--PERSONAL NAME | |
| Personal name | Ali-Akbar, Muhammad Ali. |
| 245 ## - TITLE STATEMENT | |
| Title | The Incidence and effects of alcoholism to students in selected high schools in the cities of Las Piñas and Parañaque, school year 1997-1998 / |
| Statement of responsibility, etc | Muhammad Ali Ali-Akbar. |
| 260 ## - PUBLICATION, DISTRIBUTION, ETC. (IMPRINT) | |
| Place of publication, distribution, etc | Las Piñas City, Philippines : |
| Name of publisher, distributor, etc | Southville International School and Colleges, |
| Date of publication, distribution, etc | 1998. |
| 300 ## - PHYSICAL DESCRIPTION | |
| Extent | 49 pages : |
| Other physical details | illustrations ; |
| Dimensions | 29 cm. |
| 504 ## - BIBLIOGRAPHY, ETC. NOTE | |
| Bibliography, etc | Includes bibliographical references. |
| 650 ## - SUBJECT ADDED ENTRY--TOPICAL TERM | |
| Topical term or geographic name as entry element | Alcoholism |
| Geographic subdivision | Philippines |
| -- | Las Piñas. |
| 650 ## - SUBJECT ADDED ENTRY--TOPICAL TERM | |
| Topical term or geographic name as entry element | Alcoholism |
| Geographic subdivision | Philippines |
| -- | Parañaque. |
| 650 ## - SUBJECT ADDED ENTRY--TOPICAL TERM | |
| Topical term or geographic name as entry element | High school students |
| General subdivision | Alcohol use |
| Geographic subdivision | Philippines. |
| 650 ## - SUBJECT ADDED ENTRY--TOPICAL TERM | |
| Topical term or geographic name as entry element | Alcoholism |
| General subdivision | Social aspects |
| Geographic subdivision | Philippines. |
| 942 ## - ADDED ENTRY ELEMENTS (KOHA) | |
| Source of classification or shelving scheme | Library of Congress Classification |
| Koha item type | PASS |
| Withdrawn status | Lost status | Source of classification or shelving scheme | Damaged status | Home library | Current library | Shelving location | Date acquired | Source of acquisition | Total Checkouts | Full call number | Barcode | Date last seen | Price effective from | Koha item type |
|---|---|---|---|---|---|---|---|---|---|---|---|---|---|---|
| Library of Congress Classification | Luxembourg Library | Luxembourg Library | Portfolio Assessment of SISC Students Section | 06/04/2003 | Donation | PHS HV 5132 .Al45 1998 | P0124 | 04/08/2014 | 04/08/2014 | PASS |